| 000 | 00423nam a22001217a 4500 | ||
|---|---|---|---|
| 082 | _a200 THE | ||
| 100 |
_aRameez Hassan _970314 |
||
| 245 | _aTH-SOF-1440-Electrical Energy Auditing & Management A Case study of NUST College of Electrical & Mechanical Engineering | ||
| 260 |
_aIslamabad _bNUST College of EME _c2017 |
||
| 650 | _aMS-EM-8 MSTHESIS | ||
| 700 |
_a Supervisor Lt. Col. Dr. Muhammad Saleem _970315 |
||
| 942 | _cCF | ||
| 999 |
_c577305 _d577305 |
||